[Event "Den Bosch"]
[Site "Hertogenbosch"]
[Date "1999.11.22"]
[Round "5"]
[White "Stone, Raymond"]
[Black "Span, Paul"]
[Result "0-1"]
[WhiteElo "2340"]
[BlackElo "2226"]
[PlyCount "74"]
[EventDate "1999.11.18"]
[EventType "tourn"]
[EventRounds "9"]
[EventCountry "NED"]
[EventCategory "7"]
[SourceTitle "CBM 073 Extra"]
[Source "ChessBase"]
[SourceDate "2000.01.11"]
[SourceVersion "1"]
[SourceVersionDate "2000.01.11"]
[SourceQuality "1"]

1. Nf3 Nf6 2. c4 b6 3. Nc3 Bb7 4. d4 e6 5. g3 Be7 6. Bg2 0-0 7. 0-0 Ne4 8. Bd2 Bf6 9. Qc2 Nxd2 10. Qxd2 d6 11. e4 Nd7 12. Qc2 Rb8 13. Rad1 g6 14. d5 e5 15. b4 Bg7 16. Bh3 Bc8 17. Kg2 Nf6 18. Bxc8 Qxc8 19. Qa4 Nh5 20. h3 Bh6 21. Nh2 f5 22. Rd3 Qd8 23. Kh1 Nf6 24. exf5 gxf5 25. Rdd1 Qe7 26. Qc2 Nd7 27. f4 Rbe8 28. fxe5 Qxe5 29. Nf3 Qg7 30. Nd4 Re3 31. Rd3 Qe5 32. Rxe3 Bxe3 33. Nxf5 Bg5 34. g4 h5 35. Ne4 Bf4 36. Qd3 hxg4 37. hxg4 Qh8+ 0-1

[Event "Den Bosch"]
[Site "Hertogenbosch"]
[Date "1999.11.18"]
[Round "1"]
[White "Donaldson, John W"]
[Black "Stone, Raymond"]
[Result "1-0"]
[WhiteElo "2419"]
[BlackElo "2340"]
[PlyCount "61"]
[EventDate "1999.11.18"]
[EventType "tourn"]
[EventRounds "9"]
[EventCountry "NED"]
[EventCategory "7"]
[SourceTitle "CBM 073 Extra"]
[Source "ChessBase"]
[SourceDate "2000.01.11"]
[SourceVersion "1"]
[SourceVersionDate "2000.01.11"]
[SourceQuality "1"]

1. Nf3 Nf6 2. c4 c5 3. Nc3 e6 4. g3 b6 5. Bg2 Bb7 6. 0-0 a6 7. d4 cxd4 8. Qxd4 d6 9. Be3 Nbd7 10. Nd2 Bxg2 11. Kxg2 Rc8 12. Nce4 Rc6 13. b4 d5 14. cxd5 Nxd5 15. Rac1 Qa8 16. Kg1 f6 17. a3 Be7 18. Nc3 Nxe3 19. Qxe3 Kf7 20. Nf3 e5 21. Rcd1 Nf8 22. Nd5 Qb7 23. Nh4 g6 24. f4 exf4 25. Nxf4 Bd6 26. Nd5 Bb8 27. Nf3 Kg7 28. Nd4 Rd6 29. Ne7 Rd7 30. Nec6 b5 31. Qc3 1-0

[Event "CAN-ch"]
[Site "Canada"]
[Date "1995.??.??"]
[Round "4"]
[White "Nickoloff, Bryon"]
[Black "Stone, Raymond"]
[Result "1/2-1/2"]
[WhiteElo "2405"]
[BlackElo "2340"]
[PlyCount "50"]
[EventDate "1995.??.??"]
[EventType "tourn"]
[EventRounds "9"]
[EventCountry "CAN"]
[EventCategory "4"]
[SourceTitle "EXT 1997"]
[Source "ChessBase"]
[SourceDate "1996.11.15"]
[SourceVersion "1"]
[SourceVersionDate "1996.11.15"]
[SourceQuality "1"]

1. d4 Nf6 2. c4 e6 3. Nf3 c5 4. d5 d6 5. Nc3 exd5 6. cxd5 g6 7. e4 Bg7 8. h3 0-0 9. Bd3 b5 10. Nxb5 Re8 11. Nd2 Nxd5 12. Nc4 Nb4 13. 0-0 Re6 14. Be2 Ba6 15. a4 N8c6 16. Bg4 Rxe4 17. Ncxd6 Rd4 18. Nxd4 Nxd4 19. Nb5 Nbc2 20. Rb1 Qb6 21. Be2 Nxe2+ 22. Qxe2 Nd4 23. Qe3 Qc6 24. Re1 Bb7 25. f3 Nc2 1/2-1/2

[Event "North Bay op"]
[Site "North Bay"]
[Date "1995.??.??"]
[Round "?"]
[White "Peckford, William"]
[Black "Stone, Raymond"]
[Result "1/2-1/2"]
[WhiteElo "2275"]
[BlackElo "2340"]
[PlyCount "83"]
[EventDate "1995.??.??"]
[EventType "swiss"]
[EventRounds "9"]
[EventCountry "CAN"]
[SourceTitle "EXT 2002"]
[Source "ChessBase"]
[SourceDate "2001.11.25"]
[SourceVersion "1"]
[SourceVersionDate "2001.11.25"]
[SourceQuality "1"]

1. d4 Nf6 2. c4 g6 3. Nc3 d5 4. cxd5 Nxd5 5. e4 Nxc3 6. bxc3 Bg7 7. Bc4 c5 8. Ne2 Nc6 9. Be3 0-0 10. 0-0 Bg4 11. f3 Na5 12. Bd3 cxd4 13. cxd4 Be6 14. Rc1 Bxa2 15. Qa4 Be6 16. d5 Bd7 17. Qb4 b5 18. f4 Nc4 19. Bxc4 a5 20. Qa3 bxc4 21. Rxc4 Bb5 22. Rc2 e6 23. Rd1 Bxe2 24. Rxe2 exd5 25. exd5 Re8 26. Rc2 Bf8 27. d6 Ra6 28. Bc5 Qd7 29. Qd3 Rc6 30. Ba3 Rxc2 31. Qxc2 Rc8 32. Qd2 a4 33. Bb2 Bg7 34. Bxg7 Kxg7 35. Qd4+ Kg8 36. h4 h5 37. Re1 Re8 38. Rxe8+ Qxe8 39. f5 a3 40. d7 Qd8 41. fxg6 fxg6 42. Qd5+ 1/2-1/2

[Event "CAN-ch"]
[Site "Canada"]
[Date "1995.??.??"]
[Round "6"]
[White "Stone, Raymond"]
[Black "O'Donnell, Tom"]
[Result "1/2-1/2"]
[WhiteElo "2340"]
[BlackElo "2360"]
[PlyCount "67"]
[EventDate "1995.??.??"]
[EventType "tourn"]
[EventRounds "9"]
[EventCountry "CAN"]
[EventCategory "4"]
[SourceTitle "EXT 1997"]
[Source "ChessBase"]
[SourceDate "1996.11.15"]
[SourceVersion "1"]
[SourceVersionDate "1996.11.15"]
[SourceQuality "1"]

1. c4 e5 2. Nc3 Nf6 3. Nf3 e4 4. Ng5 b5 5. Ngxe4 Nxe4 6. Nxe4 bxc4 7. d4 cxd3 8. e3 Bb7 9. Bxd3 Bb4+ 10. Bd2 Qe7 11. Bxb4 Qxb4+ 12. Qd2 Qe7 13. f3 Nc6 14. 0-0 Ne5 15. Bc2 0-0 16. Qc3 d6 17. Ng3 g6 18. e4 Rac8 19. f4 Nd7 20. Rae1 Qf6 21. e5 dxe5 22. fxe5 Qb6+ 23. Kh1 Rce8 24. Ba4 Re7 25. Bxd7 Rxd7 26. e6 Re7 27. Rxf7 Rfxf7 28. exf7+ Kxf7 29. Rxe7+ Kxe7 30. Qe5+ Kd7 31. Qg7+ Kd6 32. Qf6+ Kd7 33. Qg7+ Kd6 34. Qf6+ 1/2-1/2

[Event "Makarska"]
[Site "Makarska"]
[Date "1994.??.??"]
[Round "?"]
[White "Kovacevic, Vlatko"]
[Black "Stone, Raymond"]
[Result "1-0"]
[WhiteElo "2495"]
[BlackElo "2355"]
[PlyCount "111"]
[EventDate "1994.06.??"]
[EventType "tourn"]
[EventRounds "11"]
[EventCountry "CRO"]
[EventCategory "7"]
[SourceTitle "EXT 1997"]
[Source "ChessBase"]
[SourceDate "1996.11.15"]
[SourceVersion "1"]
[SourceVersionDate "1996.11.15"]
[SourceQuality "1"]

1. d4 Nf6 2. c3 d5 3. Bg5 c6 4. Nd2 Bf5 5. Bxf6 gxf6 6. e3 e6 7. h4 Rg8 8. Ngf3 Nd7 9. c4 Bg4 10. cxd5 cxd5 11. Bd3 f5 12. Qb3 Bxf3 13. gxf3 Qb6 14. Bb5 Bd6 15. Ke2 Ke7 16. Rac1 Rac8 17. Rxc8 Rxc8 18. Rg1 Nf6 19. Bd3 Qxb3 20. Nxb3 Rc6 21. a3 Rb6 22. Bc2 Rc6 23. Kd2 Rc8 24. Bd3 Rc7 25. Na5 Kd8 26. Nb3 Ke7 27. Nc1 Rc8 28. Ne2 h6 29. Nc3 Kd7 30. Kc2 Rg8 31. Rxg8 Nxg8 32. e4 fxe4 33. fxe4 dxe4 34. Bxe4 b6 35. h5 Ne7 36. Kd3 Bf4 37. Kc4 Bg5 38. d5 exd5+ 39. Bxd5 Nxd5 40. Kxd5 Bc1 41. Nd1 a6 42. a4 b5 43. axb5 axb5 44. b4 Ke7 45. Kc5 Kf6 46. Kxb5 Kg5 47. Kc6 Kxh5 48. b5 Bf4 49. b6 Be5 50. Ne3 Kg5 51. Kd5 Bb8 52. Ke4 h5 53. Nd5 h4 54. Kf3 h3 55. Nc7 Kf5 56. Na6 1-0

[Event "CAN-op"]
[Site "Winnipeg"]
[Date "1994.??.??"]
[Round "6"]
[White "Petursson, Margeir"]
[Black "Stone, Raymond"]
[Result "1-0"]
[WhiteElo "2550"]
[BlackElo "2355"]
[PlyCount "75"]
[EventDate "1994.07.??"]
[EventType "swiss"]
[EventRounds "10"]
[EventCountry "CAN"]
[SourceTitle "EXT 2000"]
[Source "ChessBase"]
[SourceDate "1999.11.16"]
[SourceVersion "1"]
[SourceVersionDate "1999.11.16"]
[SourceQuality "1"]

1. d4 Nf6 2. c4 e6 3. Nf3 c5 4. d5 d6 5. Nc3 exd5 6. cxd5 g6 7. e4 Bg7 8. h3 0-0 9. Bd3 b5 10. 0-0 a6 11. Re1 Nbd7 12. Bf4 Nb6 13. a3 Bb7 14. Qd2 Re8 15. Bg5 Qc7 16. Rac1 Nfd7 17. Bf1 Rac8 18. Kh1 Qb8 19. Nh2 Nf6 20. Bd3 Nbd7 21. f4 c4 22. Bc2 Nc5 23. Bxf6 Bxf6 24. Ng4 Bg7 25. e5 dxe5 26. f5 Qd6 27. Rf1 e4 28. Rce1 Kh8 29. fxg6 fxg6 30. Rf7 Rc7 31. Rxc7 Qxc7 32. Nxe4 Nxe4 33. Rxe4 Rd8 34. d6 Qc5 35. Re7 Bc6 36. Rxg7 Kxg7 37. Qc3+ Kf7 38. Qf6+ 1-0

[Event "Makarska"]
[Site "Makarska"]
[Date "1994.??.??"]
[Round "?"]
[White "Stone, Raymond"]
[Black "Matkovic, Tonci"]
[Result "1/2-1/2"]
[WhiteElo "2355"]
[BlackElo "2255"]
[PlyCount "94"]
[EventDate "1994.06.??"]
[EventType "tourn"]
[EventRounds "11"]
[EventCountry "CRO"]
[EventCategory "7"]
[SourceTitle "EXT 1997"]
[Source "ChessBase"]
[SourceDate "1996.11.15"]
[SourceVersion "1"]
[SourceVersionDate "1996.11.15"]
[SourceQuality "1"]

1. d4 Nf6 2. c4 g6 3. Nc3 Bg7 4. e4 d6 5. Be2 0-0 6. Nf3 e5 7. 0-0 Nc6 8. d5 Ne7 9. Ne1 Nd7 10. Nd3 f5 11. Bd2 Nf6 12. f3 f4 13. c5 g5 14. cxd6 cxd6 15. Rc1 Ng6 16. Nb5 Ne8 17. a4 h5 18. Nf2 Nh4 19. h3 Bh6 20. Rc3 Rf7 21. Qc2 a6 22. Na3 Bd7 23. Rc1 Rg7 24. Qd1 g4 25. fxg4 Bg5 26. a5 hxg4 27. hxg4 Qf6 28. Nc4 Bb5 29. Nb6 Bxe2 30. Qxe2 Rd8 31. R1c2 Rf7 32. Qd1 Kg7 33. Nc4 Qg6 34. Bc1 Nf6 35. Qe2 f3 36. gxf3 Nh7 37. Nh1 Bxc1 38. Rxc1 Ng5 39. Rf1 Nh3+ 40. Kh2 Rh8 41. Kg3 Qg5 42. Qd2 Nf5+ 43. exf5 Qh4+ 44. Kg2 Nf4+ 45. Kg1 Nh3+ 46. Kg2 Nf4+ 47. Kg1 Nh3+ 1/2-1/2

[Event "CAN-op"]
[Site "Winnipeg"]
[Date "1994.??.??"]
[Round "10"]
[White "Stone, Raymond"]
[Black "Yoos, John C"]
[Result "1/2-1/2"]
[WhiteElo "2355"]
[BlackElo "2315"]
[PlyCount "144"]
[EventDate "1994.07.??"]
[EventType "swiss"]
[EventRounds "10"]
[EventCountry "CAN"]
[SourceTitle "EXT 1998"]
[Source "ChessBase"]
[SourceDate "1997.11.17"]
[SourceVersion "1"]
[SourceVersionDate "1997.11.17"]
[SourceQuality "1"]

1. d4 d6 2. Nf3 g6 3. c4 Bg7 4. Nc3 Nf6 5. e4 0-0 6. Be2 e5 7. 0-0 Na6 8. Rb1 exd4 9. Nxd4 Re8 10. f3 c6 11. Bg5 Qb6 12. Be3 Qd8 13. Qd2 Nc7 14. Rbd1 d5 15. cxd5 cxd5 16. Ndb5 Be6 17. e5 Nd7 18. f4 Nxb5 19. Bxb5 a6 20. Ba4 b5 21. Bb3 Nb6 22. Nxd5 Nxd5 23. Bxd5 Bxd5 24. Qxd5 Qc8 25. Bc5 Qf5 26. Qd3 Qe6 27. b3 f6 28. exf6 Bxf6 29. f5 gxf5 30. Qxf5 Qxf5 31. Rxf5 Re6 32. Rd7 Rae8 33. g3 Rc6 34. Kf2 Re5 35. Rxe5 Bxe5 36. Be3 Bd6 37. Kf3 Bb4 38. Bd2 Ba3 39. Bf4 Rc2 40. Rd2 Rc6 41. Ke4 Kf7 42. Rd7+ Kg6 43. Be5 h5 44. Rg7+ Kh6 45. Rc7 Rb6 46. Kf5 Bd6 47. Bf4+ Bxf4 48. gxf4 Rg6 49. Ra7 Rc6 50. h4 b4 51. Re7 Rc5+ 52. Re5 Rc2 53. Re6+ Kg7 54. Rxa6 Rc5+ 55. Ke6 Kg6 56. f5+ Rxf5 57. Rd6 Ra5 58. Rb6 Rxa2 59. Ke5+ Kf7 60. Rxb4 Rg2 61. Kd6 Rg4 62. Rc4 Rg6+ 63. Kc5 Ke6 64. Re4+ Kf5 65. Rd4 Rg8 66. b4 Rc8+ 67. Kb5 Rg8 68. Kb6 Ke5 69. Rc4 Kd6 70. Ka5 Rg4 71. Kb5 Rxc4 72. Kxc4 Kc6 1/2-1/2

[Event "Chicago op"]
[Site "Chicago"]
[Date "1993.??.??"]
[Round "5"]
[White "Martinovsky, Eugene Simeon"]
[Black "Stone, Raymond"]
[Result "1/2-1/2"]
[WhiteElo "2280"]
[BlackElo "2365"]
[PlyCount "30"]
[EventDate "1993.??.??"]
[EventType "swiss"]
[EventRounds "7"]
[EventCountry "USA"]
[SourceTitle "EXT 1997"]
[Source "ChessBase"]
[SourceDate "1996.11.15"]
[SourceVersion "1"]
[SourceVersionDate "1996.11.15"]
[SourceQuality "1"]

1. d4 Nf6 2. Nf3 c5 3. c4 cxd4 4. Nxd4 e6 5. Nc3 Nc6 6. Nc2 d5 7. e3 Bc5 8. Be2 0-0 9. 0-0 a6 10. cxd5 exd5 11. b3 d4 12. Na4 Ba7 13. Nxd4 Nxd4 14. exd4 Bxd4 15. Bb2 Bxb2 1/2-1/2

[Event "Chicago int op"]
[Site "Chicago"]
[Date "1993.??.??"]
[Round "?"]
[White "Pupols, Viktors"]
[Black "Stone, Raymond"]
[Result "1-0"]
[WhiteElo "2210"]
[BlackElo "2365"]
[PlyCount "53"]
[EventDate "1993.??.??"]
[EventType "swiss"]
[EventRounds "10"]
[EventCountry "USA"]
[SourceTitle "EXT 2004"]
[Source "ChessBase"]
[SourceDate "2003.11.25"]
[SourceVersion "1"]
[SourceVersionDate "2003.11.25"]
[SourceQuality "1"]

1. d4 Nf6 2. c4 g6 3. Nf3 c5 4. g3 Bg7 5. Bg2 0-0 6. 0-0 cxd4 7. Nxd4 Nc6 8. Nc3 Ng4 9. e3 Nge5 10. b3 d6 11. Bb2 Bg4 12. f3 Bd7 13. Qd2 a6 14. h3 Nxd4 15. exd4 Nc6 16. d5 Nd4 17. Ne4 Qb6 18. Kh2 Nf5 19. Bxg7 Kxg7 20. Rfe1 Rae8 21. Rad1 Qc7 22. g4 Nh4 23. Qd4+ Kg8 24. Bh1 f5 25. Ng5 fxg4 26. fxg4 e5 27. dxe6 1-0

[Event "Wichern op 2nd"]
[Site "Hamburg"]
[Date "1993.??.??"]
[Round "5"]
[White "Stone, Raymond"]
[Black "Jansa, Vlastimil"]
[Result "1/2-1/2"]
[WhiteElo "2370"]
[BlackElo "2500"]
[PlyCount "159"]
[EventDate "1993.10.??"]
[EventType "swiss"]
[EventRounds "9"]
[EventCountry "GER"]
[SourceTitle "EXT 1997"]
[Source "ChessBase"]
[SourceDate "1996.11.15"]
[SourceVersion "1"]
[SourceVersionDate "1996.11.15"]
[SourceQuality "1"]

1. d4 d6 2. Nf3 Bg4 3. e4 Nf6 4. Nc3 e6 5. Be2 c6 6. a4 d5 7. exd5 cxd5 8. 0-0 Nc6 9. Nb1 Be7 10. c3 0-0 11. Nbd2 Qc7 12. Re1 a6 13. Nf1 Bxf3 14. Bxf3 b5 15. axb5 axb5 16. Rxa8 Rxa8 17. b4 Na7 18. Qd3 Qc4 19. Qe3 Nc8 20. Be2 Qc6 21. Nd2 Nb6 22. Nb3 Nc4 23. Qd3 Nd7 24. Qb1 Qa6 25. Nc5 Qa7 26. Bd3 Nf8 27. g3 Qa2 28. Bf4 Qxb1 29. Rxb1 Ra3 30. Rb3 Ra1+ 31. Rb1 Ra2 32. h4 f6 33. h5 Kf7 34. Kg2 g5 35. hxg6+ hxg6 36. Bh6 Ra3 37. Rb3 Ra1 38. Rb1 Ra3 39. Rb3 Ra1 40. Rb1 Rxb1 41. Bxb1 Bxc5 42. bxc5 Nd7 43. c6 Ndb6 44. c7 g5 45. Kh3 Nd6 46. Bd3 Ke7 47. f4 gxf4 48. Bxf4 Ndc4 49. g4 Kd7 50. Bg6 Nb2 51. Bf7 Nd1 52. Bd2 Nf2+ 53. Kg2 Ne4 54. Be1 Ng5 55. Bg6 Kxc7 56. Be8 Nd7 57. Bg3+ Kd8 58. Bg6 Nb6 59. Bd6 Ne4 60. Bb4 Kd7 61. Kf3 Nc4 62. Kf4 Ned6 63. Bd3 Nf7 64. Bg6 Ng5 65. Bf8 e5+ 66. Kf5 Ne4 67. dxe5 Nxe5 68. Bh5 Nc6 69. Bf7 Nxc3 70. Kxf6 d4 71. g5 d3 72. g6 Ne4+ 73. Kf5 d2 74. Bb3 Nd4+ 75. Kxe4 Nxb3 76. g7 d1Q 77. g8Q Qe2+ 78. Kf4 Qf2+ 79. Ke4 Qd4+ 80. Kf3 1/2-1/2